000 00213nam a2200085Ia 4500
245 0 _aIt's mine!
100 _a LIPNIACKA, Ewa London, 2003
_961405
942 _cBK
008 210817s9999 xx 000 0 und d
999 _c400636
_d400635